000 00937nam a2200289 a 4500
999 _c21598
_d21598
001 2594641
003 OSt
005 20200615113003.0
008 970131s1997 ii b 001 0 eng
010 _a 96906461
020 _a8173911681
020 _a9788173911682
025 _aI-E-96-906461; 69-05; 70-08
040 _aDLC
_coclc
042 _alcode
050 0 0 _aHQ1742
_b.M45 1997
082 0 0 _a305.420954
_bMEN/G
100 _aMenon, Latika
_92883
245 1 0 _aGender issues and social dynamics /
_cLatika Menon
260 _aNew Delhi :
_bKanishka Publishers, Distributors,
_c1997.
300 _a272 p. ;
_c22 cm.
504 _aIncludes bibliographical references and index.
650 0 _aWomen in development
_zIndia.
906 _a7
_bcbc
_corigode
_d3
_encip
_f19
_gy-gencatlg
942 _2ddc
_cBK
_h305.420954
_iMEN/G
_k305.420954
_mMEN/G